[Event "EU-chT U12"]
[Site "Iasi"]
[Date "2023.07.28"]
[Round "5.2"]
[White "Zakin, Ilay"]
[Black "Dogan, Umut Anil"]
[Result "1/2-1/2"]
[WhiteElo "1945"]
[BlackElo "1821"]
[PlyCount "86"]
[EventDate "2023.07.24"]
[EventType "team-swiss"]
[EventRounds "7"]
[EventCountry "ROU"]
[SourceTitle "CBM 215 Extra"]
[Source "ChessBase"]
[SourceDate "2023.09.30"]
[SourceVersion "1"]
[SourceVersionDate "2023.09.30"]
[SourceQuality "1"]
[WhiteTeam "Israel U12"]
[BlackTeam "Turkey U12"]
[WhiteTeamCountry "ISR"]
[BlackTeamCountry "TUR"]

1. e4 c5 2. Nf3 e6 3. d4 cxd4 4. Nxd4 a6 5. Nc3 b5 6. g3 Bb7 7. Bg2 Nf6 8. 0-0 b4 9. Na4 Bxe4 10. Bxe4 Nxe4 11. c4 bxc3 12. bxc3 d5 13. Bb2 Be7 14. c4 0-0 15. cxd5 exd5 16. Rc1 Bf6 17. Ba3 Re8 18. Nf5 Nd7 19. Qxd5 Re5 20. Qd3 Nf8 21. Nd6 Be7 22. Rcd1 Nxd6 23. Bxd6 Bxd6 24. Qxd6 Qxd6 25. Rxd6 Ra5 26. Nb6 Re8 27. a4 Re6 28. Rfd1 g6 29. Kg2 Kg7 30. h4 h5 31. Rxe6 Nxe6 32. Rd7 Kf6 33. Nd5+ Kg7 34. Nb6 Kf6 35. Nd5+ Kg7 36. Nc3 Kf6 37. f4 Nc5 38. Rd5 Ke6 39. Re5+ Kd6 40. Ne4+ Kc6 41. Nxc5 Rxc5 42. Re7 Rf5 43. Kf3 Kb6 1/2-1/2

[Event "TUR-ch U07/12"]
[Site "Antalya"]
[Date "2023.01.26"]
[Round "7"]
[White "Dogan, Umut Anil"]
[Black "Turker, Esat Tuna"]
[Result "1-0"]
[WhiteElo "1856"]
[BlackElo "1651"]
[PlyCount "82"]
[EventDate "2023.01.17"]
[EventType "swiss"]
[EventRounds "10"]
[EventCountry "TUR"]
[SourceTitle "EXT 2024"]
[Source "ChessBase"]
[SourceDate "2023.10.10"]
[SourceVersion "1"]
[SourceVersionDate "2023.10.10"]
[SourceQuality "1"]

1. d4 Nf6 2. c4 g6 3. Nc3 Bg7 4. Nf3 0-0 5. Bf4 d6 6. h3 Nc6 7. e3 Nh5 8. Bh2 f5 9. d5 Ne5 10. Nxe5 Bxe5 11. Bxe5 dxe5 12. Be2 Nf6 13. Qb3 e6 14. 0-0-0 Qe7 15. g4 Ne8 16. gxf5 gxf5 17. Bf3 Nf6 18. e4 f4 19. Bg4 a6 20. c5 Nxg4 21. d6 Qd7 22. hxg4 Qc6 23. Rh5 cxd6 24. cxd6 Bd7 25. Rxe5 Rf7 26. Qb4 Rc8 27. Rg5+ Rg7 28. Rxg7+ Kxg7 29. Qd4+ Kg8 30. e5 Qf3 31. Kb1 Bc6 32. d7 Rd8 33. Qb6 Qxd1+ 34. Nxd1 Rxd7 35. Nc3 Rd2 36. Kc1 Rd7 37. Qb4 Rf7 38. Qd6 Rg7 39. Qxe6+ Kf8 40. Qf6+ Kg8 41. Qd8+ Kf7 1-0

[Event "TUR-ch U07/12"]
[Site "Antalya"]
[Date "2023.01.25"]
[Round "6"]
[White "Ozbulbul, Dikran"]
[Black "Dogan, Umut Anil"]
[Result "0-1"]
[WhiteElo "1609"]
[BlackElo "1856"]
[PlyCount "106"]
[EventDate "2023.01.17"]
[EventType "swiss"]
[EventRounds "10"]
[EventCountry "TUR"]
[SourceTitle "EXT 2024"]
[Source "ChessBase"]
[SourceDate "2023.10.10"]
[SourceVersion "1"]
[SourceVersionDate "2023.10.10"]
[SourceQuality "1"]

1. d4 Nf6 2. c4 e6 3. Nc3 Bb4 4. e3 b6 5. Nge2 Bb7 6. a3 Bxc3+ 7. Nxc3 0-0 8. d5 d6 9. Be2 Qe7 10. 0-0 Nbd7 11. f3 c6 12. dxc6 Bxc6 13. Nb5 d5 14. cxd5 Nxd5 15. e4 Bxb5 16. exd5 Bxe2 17. Qxe2 Qc5+ 18. Be3 Qxd5 19. Rfd1 Qb7 20. Rd4 Rac8 21. Bg5 Rfe8 22. Rad1 Nf8 23. Rg4 Ng6 24. h4 h5 25. Re4 Ne7 26. Bxe7 Qxe7 27. Red4 Red8 28. Qe5 Rxd4 29. Qxd4 Qc7 30. Qd7 Qc5+ 31. Kh1 a5 32. Qd6 b5 33. Qxc5 Rxc5 34. Rd8+ Kh7 35. Rb8 Kg6 36. Kh2 f6 37. Kg3 Kf5 38. Rb7 g6 39. Rb6 a4 40. Kh3 Ke5 41. g4 Rd5 42. Kg3 hxg4 43. Kxg4 Rc5 44. Kh3 Kf5 45. Kg3 Rd5 46. Kh3 Rc5 47. Kg3 Re5 48. Kf2 Kf4 49. Rd6 Rd5 50. Rxe6 Rd2+ 51. Ke1 Rxb2 52. Rxf6+ Ke3 53. Rxg6 Rb1# 0-1

[Event "TUR-ch U07/12"]
[Site "Antalya"]
[Date "2023.01.22"]
[Round "1"]
[White "Ozkaya, Erdem"]
[Black "Dogan, Umut Anil"]
[Result "0-1"]
[WhiteElo "1023"]
[BlackElo "1856"]
[PlyCount "94"]
[EventDate "2023.01.17"]
[EventType "swiss"]
[EventRounds "10"]
[EventCountry "TUR"]
[SourceTitle "EXT 2024"]
[Source "ChessBase"]
[SourceDate "2023.10.10"]
[SourceVersion "1"]
[SourceVersionDate "2023.10.10"]
[SourceQuality "1"]

1. e4 c6 2. d4 d5 3. exd5 cxd5 4. Bd3 Nc6 5. Ne2 Bg4 6. f3 Bh5 7. Be3 e6 8. c3 Bd6 9. Bf2 Nge7 10. Nd2 Bg6 11. Nb3 Nf5 12. g3 h5 13. h4 Qc7 14. f4 Rc8 15. Qd2 a5 16. a4 Qb6 17. Bc2 Be7 18. Ng1 Rh6 19. Nf3 Nd6 20. Ne5 Bxc2 21. Qxc2 Ne4 22. Nxc6 Rxc6 23. Nc1 Rg6 24. Rg1 Bf6 25. Qe2 Qc7 26. Nd3 Rg4 27. Ra3 Rb6 28. Nc1 Qc6 29. Ra2 Rb4 30. Qd1 Rc4 31. Ra1 Rxc3 32. bxc3 Qxc3+ 33. Kf1 Qxa1 34. Ke1 Nxf2 35. Kxf2 Bxd4+ 36. Kf1 Bxg1 37. Kxg1 Rxg3+ 38. Kh2 Rc3 39. Qxh5 Qxc1 40. Qg4 Qb2+ 41. Qg2 Rc2 42. Qxc2 Qxc2+ 43. Kh1 d4 44. Kg1 d3 45. Kf1 Qe2+ 46. Kg1 d2 47. Kh1 d1Q# 0-1

[Event "EU-ch U12 30th"]
[Site "Antalya"]
[Date "2022.11.13"]
[Round "8"]
[White "Villa Tornero, Alex"]
[Black "Dogan, Umut Anil"]
[Result "0-1"]
[WhiteElo "2050"]
[BlackElo "1653"]
[PlyCount "82"]
[EventDate "2022.11.06"]
[EventType "swiss"]
[EventRounds "9"]
[EventCountry "TUR"]
[SourceTitle "CBM 211 Extra"]
[Source "ChessBase"]
[SourceDate "2023.01.31"]
[SourceVersion "1"]
[SourceVersionDate "2023.01.31"]
[SourceQuality "1"]

1. e4 c6 2. d4 d5 3. exd5 cxd5 4. Bd3 Nc6 5. c3 Qc7 6. h3 e6 7. Nf3 Bd6 8. 0-0 Nge7 9. Re1 Bd7 10. b3 Ng6 11. Na3 a6 12. Nc2 0-0 13. Ng5 Nce7 14. h4 h6 15. h5 Nf4 16. Bxf4 Bxf4 17. Nh3 Bd6 18. c4 dxc4 19. bxc4 b6 20. Ne3 e5 21. Bc2 exd4 22. Qxd4 Bc6 23. Qg4 Bd7 24. Qd4 Rad8 25. Qd3 f5 26. c5 Bxc5 27. g3 Be8 28. Bb3+ Kh8 29. Qe2 Bb5 30. Qf3 Bc6 31. Qe2 Rd4 32. Rad1 f4 33. gxf4 Rdxf4 34. Nxf4 Qxf4 35. Bd5 Nxd5 36. Ng2 Qxf2+ 37. Kh1 Nf4 38. Qxf2 Bxf2 39. Re7 Rf5 40. Rd8+ Kh7 41. Rd5 Bxd5 0-1